| 000 | 00664nam a22002177a 4500 | ||
|---|---|---|---|
| 999 |
_c12680 _d12680 |
||
| 003 | AR-CdUCM | ||
| 008 | 190409b ||||| |||| 00| 0 spa d | ||
| 040 |
_aMUNICIPALIDAD PROVINCIAL DEL CUSCO _cBIBLIOTECA MUNICIPAL DEL CUSCO |
||
| 082 |
_a869.26 / _bSI56 / 1960 |
||
| 100 |
_aSimpson, Máximo _930668 |
||
| 245 | _aTupac Amaru / | ||
| 260 |
_aBuenos Aires : _bStilcograf, _c1960. |
||
| 300 |
_a23 páginas ; _c22 cm. |
||
| 505 | _aContenido: Poesías. | ||
| 650 |
_aLiteratura Argentina _984 |
||
| 650 |
_aPoesía _946855 |
||
| 650 |
_aSiglo XX _98 |
||
| 700 |
_aRagucci, Leandro Hipólito (tapa) _930669 |
||
| 942 |
_2ddc _cLIBROS |
||
| 945 |
_aachl _d2019-04-09 |
||